| 000 | 00557nam a2200205 i 4500 | ||
|---|---|---|---|
| 001 | bgj | ||
| 245 | 0 | 0 |
_aSpuren des Neuen Hörspiels / _cHerausgegeben von Klaus Schöning. |
| 260 |
_aFrankfurt am Main : _bSuhrkamp Verlag, _c1982. |
||
| 300 |
_a311 S. ; _c18 cm. |
||
| 490 | 1 |
_aEdition Suhrkamp ; _v900 |
|
| 650 | 9 | _aHörspiels | |
| 700 | 1 |
_aSCHÖNING, Klaus. _eHg. |
|
| 830 | _aEdition Suhrkamp ; | ||
| 020 | _a3518109006 | ||
| 040 | _cBPK | ||
| 041 | 0 | _ager | |
| 920 | _a3-518-10900-6 | ||
| 942 | _cKS | ||
| 008 | s gw f |000 0 ger | ||
| 999 |
_c50227 _d50227 |
||
| 856 |
_uhttp://koha.tu.koszalin.pl/cgi-bin/koha/opac-detail.pl?biblionumber=50227 _yKatalog online BPK |
||